| 000 | 00538nam a22001817a 4500 | ||
|---|---|---|---|
| 005 | 20251108172902.0 | ||
| 008 | 250721s2004 xx 000 0 ara d | ||
| 082 | 1 | 4 | _a346.05/طلب |
| 100 | 1 | _aطلبة، أنور | |
| 245 | 1 | 0 | _aالعقود الصغيرة الهبة و الوصية / |
| 264 | 1 |
_aالاسكندريه : _bالمكتب الجامعي الحديث، _c2004. |
|
| 300 | _a377 ص. | ||
| 650 | 1 | 7 | _aقانون التركات |
| 650 | 1 | 7 | _aالوصية |
| 650 | 1 | 7 | _aالهبة |
| 942 |
_2ddc _cBK |
||
| 999 |
_c90913 _d90913 |
||